| 000 | 00504nam a2200181 a 4500 | ||
|---|---|---|---|
| 005 | 20140310183228.0 | ||
| 008 | 040308s19uu xx 00 eng d | ||
| 020 | _a0712607404 | ||
| 050 |
_aPS 3561.U69 _b.H54 1985 |
||
| 100 | _aKurtz, Katherine | ||
| 245 |
_aHigh Deryni / _cKatherine Kurtz. |
||
| 260 |
_bGreat Britain : _cCentury Pub., _a1985. |
||
| 300 |
_a369 p. : _c19 cm. |
||
| 500 | _a"Vol. II in the chronicles of Deryni" | ||
| 650 | _aFantasy Fiction | ||
| 942 |
_cBK _2lcc |
||
| 999 |
_c20442 _d20442 |
||